Радиоэколого-геохимические проблемы урбанизированных территорий (на примере г. Томска); Техногенная трансформация геологической среды

Detaylı Bibliyografya
Parent link:Техногенная трансформация геологической среды.— 2002.— С. 162-165
Yazar: Рихванов Л. П. Леонид Петрович
Diğer Yazarlar: Язиков Е. Г. Егор Григорьевич, Шатилов А. Ю.
Özet:В фонде НТБ ТПУ отсутствует
Dil:Rusça
Baskı/Yayın Bilgisi: 2002
Konular:
Materyal Türü: MixedMaterials Kitap Bölümü
KOHA link:https://koha.lib.tpu.ru/cgi-bin/koha/opac-detail.pl?biblionumber=597863

MARC

LEADER 00000naa0a2200000 4500
001 597863
005 20250214161439.0
035 |a (RuTPU)RU\TPU\tpu\21278 
035 |a RU\TPU\tpu\17469 
090 |a 597863 
100 |a 20120518d2002 k||y0rusy50 ca 
101 0 |a rus 
102 |a RU 
200 1 |a Радиоэколого-геохимические проблемы урбанизированных территорий (на примере г. Томска)  |f Л. П. Рихванов, Е. Г. Язиков, А. Ю. Шатилов 
320 |a Библиогр.: с. 165 (9 назв.) 
333 |a В фонде НТБ ТПУ отсутствует 
463 |t Техногенная трансформация геологической среды  |o материалы международной научно -практической конференции (Екатеринбург, 17-19 дек. 2002 г.)  |v С. 162-165  |d 2002 
610 1 |a труды учёных ТПУ 
700 1 |a Рихванов  |b Л. П.  |c российский ученый, геолог  |c профессор Томского политехнического университета, доктор геолого-минералогических наук  |c заслуженный геолог РФ  |c почетный работник высшего образования РФ  |f 1945-  |g Леонид Петрович  |3 (RuTPU)RU\TPU\pers\23187 
701 1 |a Язиков  |b Е. Г.  |c специалист в области геологии и минералогии  |c профессор Томского политехнического университета, доктор геолого-минералогических наук, заместитель проректора по образовательной и международной деятельности  |f 1955-  |g Егор Григорьевич  |3 (RuTPU)RU\TPU\pers\26057  |9 11896 
701 1 |a Шатилов  |b А. Ю. 
801 1 |a RU  |b 63413507  |c 20100505 
801 2 |a RU  |b 63413507  |c 20130109  |g RCR 
942 |c BK